MARC детайли
| 000 -Лидер |
| Контролно поле с фиксирана дължина |
02991nam a2200421 a 4500 |
| 003 - Код на организацията, давaща контролен номер |
| Контролно поле |
BLK |
| 005 - Дата и час на последна редакция |
| Контролно поле |
20250118125555.0 |
| 008 - Елементи от данни с фиксирана дължина |
| fixed length control field |
201105b bu ||||| |||| 00| 0 bu d |
| 040 ## - Източник на каталожния запис |
| Идентификатор на билиотеката - собственик на записа |
BLK |
| 041 ## - Код за език |
| Код за езика на текст/звукозапис или на отделно заглавие |
Френски |
| Код за езика КДБФ |
Френски |
| 080 ## - УДК |
| Текстов определител УДК |
Английска литература |
| УДК код - определител по УДК |
821.111 |
| УДК определител |
.09 |
| УДК - код + определител |
821.111.09 |
| 100 ## - Редна дума - Автор |
| R(LIN) |
1299 |
| Автор |
Taine, H. |
| Авторска отговорност |
първи автор |
| 245 ## - Сведения за заглавието |
| Заглавие |
Histoire de la litterature anglaise |
| Подзаглавни данни |
T. 1 - |
| Редно поле (дума) |
H. Taine |
| Том |
T. 5 |
| 250 ## - Област на изданието |
| Сведения за изданието |
6. ed. |
| 260 ## - Област на издателските данни |
| 9 (RLIN) |
219407 |
| Място на издаване, разпространение и проч. |
Paris |
| Име на издателя, разпространителя и проч. |
Libr. Hachette et C-ie |
| Година на издаване |
1881 |
| 300 ## - Физическа характеристика |
| Размери/Мащаб |
17 см |
| 380 ## - Жанр |
| Жанр |
Литературознание |
| 490 ## - СЕРИИ (Колекции) |
| 9 (RLIN) |
435080 |
| Име на серия |
Колекция Редки и ценни издания |
| 490 ## - СЕРИИ (Колекции) |
| 9 (RLIN) |
435931 |
| Име на серия |
Лична библиотека на Захари Стоянов |
| №: серия |
18 |
| 500 ## - Общи забележки |
| Забележка |
Датирана: 27.ІV.936 г. № 168 |
| 650 #7 - Допълнително описание по предмет – тема |
| Основно описание – тема или топоним |
Английска литература - история |
| Източник на редна или ключова дума |
|
| 9 (RLIN) |
146918 |
| 760 ## - Описание на основната серия |
| Страници - том |
412 с. |
| Част - том |
T. 5 |
| 852 ## - Местоположение |
| Форматна сигнатура |
Рф 881 ЗСт |
| Фондова буква |
Редки и ценни |
| 856 ## - Електронен адрес и достъп |
| Име на файл |
Съдържание |
| Права за достъп |
Достъп за регистрирани потребители |
| Електронен формат |
jpg - файл |
| Път до файла /url/ |
http://185.138.176.146:18082/cgi-bin/koha/opac-retrieve-file.pl?id=7d51498a8b1950c33697a37cfd5d576b |
| Допълнителна информация (Корица, съдържание, пълен текст, звуков файл, HTML файл) |
Изображение |
| Информация за съдържанието |
Съдържание 1 |
| 856 ## - Електронен адрес и достъп |
| Име на файл |
Съдържание |
| Права за достъп |
Достъп за регистрирани потребители |
| Електронен формат |
jpg - файл |
| Път до файла /url/ |
http://185.138.176.146:18082/cgi-bin/koha/opac-retrieve-file.pl?id=f63c7447edc1825f18ed347e07e7dc20 |
| Допълнителна информация (Корица, съдържание, пълен текст, звуков файл, HTML файл) |
Изображение |
| Информация за съдържанието |
Съдържание 2 |
| 856 ## - Електронен адрес и достъп |
| Име на файл |
Съдържание |
| Права за достъп |
Достъп за регистрирани потребители |
| Електронен формат |
jpg - файл |
| Път до файла /url/ |
http://185.138.176.146:18082/cgi-bin/koha/opac-retrieve-file.pl?id=8508cec6c6d9e5ba4d96851255cd48a3 |
| Допълнителна информация (Корица, съдържание, пълен текст, звуков файл, HTML файл) |
Изображение |
| Информация за съдържанието |
Съдържание 3 |
| 856 ## - Електронен адрес и достъп |
| Име на файл |
Съдържание |
| Права за достъп |
Достъп за регистрирани потребители |
| Електронен формат |
jpg - файл |
| Път до файла /url/ |
http://185.138.176.146:18082/cgi-bin/koha/opac-retrieve-file.pl?id=153dfd96d95dcbb3b421b8bf7526c30e |
| Допълнителна информация (Корица, съдържание, пълен текст, звуков файл, HTML файл) |
Изображение |
| Информация за съдържанието |
Съдържание 4 |
| 856 ## - Електронен адрес и достъп |
| Име на файл |
Съдържание |
| Права за достъп |
Достъп за регистрирани потребители |
| Електронен формат |
jpg - файл |
| Път до файла /url/ |
http://185.138.176.146:18082/cgi-bin/koha/opac-retrieve-file.pl?id=64d2ab00a282381a168ee166b0a01fe3 |
| Информация за съдържанието |
Съдържание 5 |
| Допълнителна информация (Корица, съдържание, пълен текст, звуков файл, HTML файл) |
Изображение |
| 856 ## - Електронен адрес и достъп |
| Име на файл |
Съдържание |
| Права за достъп |
Достъп за регистрирани потребители |
| Електронен формат |
jpg - файл |
| Път до файла /url/ |
http://185.138.176.146:18082/cgi-bin/koha/opac-retrieve-file.pl?id=d5b6425076091eea99497b17e42f726f |
| Допълнителна информация (Корица, съдържание, пълен текст, звуков файл, HTML файл) |
Изображение |
| Информация за съдържанието |
Съдържание 6 |
| 856 ## - Електронен адрес и достъп |
| Име на файл |
Съдържание |
| Права за достъп |
Достъп за регистрирани потребители |
| Електронен формат |
jpg - файл |
| Път до файла /url/ |
http://185.138.176.146:18082/cgi-bin/koha/opac-retrieve-file.pl?id=0f7246e71563a4f1817afbfd6a5e4f3e |
| Допълнителна информация (Корица, съдържание, пълен текст, звуков файл, HTML файл) |
Изображение |
| Информация за съдържанието |
Съдържание 7 |
| 856 ## - Електронен адрес и достъп |
| Име на файл |
Съдържание |
| Права за достъп |
Достъп за регистрирани потребители |
| Електронен формат |
jpg - файл |
| Път до файла /url/ |
http://185.138.176.146:18082/cgi-bin/koha/opac-retrieve-file.pl?id=ce4f86a36fa12755a3e9995696f6be85 |
| Допълнителна информация (Корица, съдържание, пълен текст, звуков файл, HTML файл) |
Изображение |
| Информация за съдържанието |
Съдържание 8 |
| 856 ## - Електронен адрес и достъп |
| Име на файл |
Съдържание |
| Права за достъп |
Достъп за регистрирани потребители |
| Електронен формат |
jpg - файл |
| Път до файла /url/ |
http://185.138.176.146:18082/cgi-bin/koha/opac-retrieve-file.pl?id=5867e35cea35803fcaa4c6bef4e5146b |
| Допълнителна информация (Корица, съдържание, пълен текст, звуков файл, HTML файл) |
Изображение |
| Информация за съдържанието |
Съдържание 9 |
| 856 ## - Електронен адрес и достъп |
| Име на файл |
Съдържание |
| Права за достъп |
Достъп за регистрирани потребители |
| Електронен формат |
jpg - файл |
| Път до файла /url/ |
http://185.138.176.146:18082/cgi-bin/koha/opac-retrieve-file.pl?id=a187c07068f77d89a531e05f0e90f9e7 |
| Допълнителна информация (Корица, съдържание, пълен текст, звуков файл, HTML файл) |
Изображение |
| Информация за съдържанието |
Съдържание 10 |
| 942 ## - АРТИКУЛИ |
| Вид на библиотечния материал |
Книги |
| Скрит в OPAC |
Не |
| Периодичен библиозапис |
Да |
| 944 ## - СЪЗДАВАНЕ И РЕДАКЦИЯ на ЗАПИСА |
| Създаване/Редакция |
Създаване |
| Дата на регистрацията/редакция |
2020-11-05 |
| Служител, извършил регистрацията/редакцията |
30560 |
| Статус, дата на статуса |
Геновева Генчева |
| 999 ## - СИСТЕМНИ КОНТРОЛНИ НОМЕРА |
| Koha biblionumber |
391348 |
| Koha biblioitemnumber |
391348 |
| 999 ## - СИСТЕМНИ КОНТРОЛНИ НОМЕРА |
| Koha biblioitemnumber |
391348 |
| 999 ## - СИСТЕМНИ КОНТРОЛНИ НОМЕРА |
| Koha biblioitemnumber |
391348 |